| 000 | 00626nam a2200133 a 4500 | ||
|---|---|---|---|
| 001 | 000033645 | ||
| 005 | 20200930070418.0 | ||
| 008 | 110902s1893 sp 000 0 spa d | ||
| 040 |
_aDO-SdBNP _bspa _cBNPHU |
||
| 245 | 0 | 0 |
_aIV Centenario del descubrimiento de América. Congreso literario hispano-americano organizado por la asociación de escritores y artistas españoles é iniciado por su presidente el excmo. SR. D. Gaspar Núñez de Arce / _cGaspar Núñez de Arce. |
| 260 |
_aMadrid : _bEstablecimiento tipográfico de Ricardo Fé, _c1893. |
||
| 300 |
_a631 p. ; _c26 cm. |
||
| 500 | _a31 de octubre á 10 de noviembre de 1892 | ||
| 999 |
_c33136 _d33136 |
||